| Record ID | talis_openlibrary_contribution/talis-openlibrary-contribution.mrc:1327428592:571 |
| Source | Talis |
| Download Link | /show-records/talis_openlibrary_contribution/talis-openlibrary-contribution.mrc:1327428592:571?format=raw |
LEADER: 00571cam a22002057a 4500
001 796baa2b669545c0abd1cd6414b8a33c
003 UK-BiTAL
005 20050705142900.0
008 940815s1994 enk 000 ||eng|d
015 $aGB9429210$2bnb
020 $a0749318724 :
035 $a()0749318724
040 $dUK-BiTAL
082 04 $a823.912$220
100 1 $aWoolf, Virginia,$d1882-1941.
245 10 $aTo the lighthouse /$cVirginia Woolf.
260 $aLondon :$bCompact,$c1994, c1927.
300 $a223p. ;$c19 cm.
500 $aOriginally published, 1927.
653 $aEnglish fiction